Математический анализ 1.3 / ДО 2017 копия 1: электронный курс
| Autor principal: | |
|---|---|
| Autor Corporativo: | |
| Otros Autores: | |
| Sumario: | Заглавие с экрана В курсе "Математический анализ 1.3» изучаются следующие разделы анализа: теория пределов; дифференциальное исчисление функции одной переменной; дифференциальное исчисление функции нескольких переменных. Особое внимание уделяется понятию предела последовательности, пределу функции, непрерывности функции и ее точкам разрыва, производной функции и применению производной в практических исследовательских приложениях. Полученные знания помогут вычислять пределы последовательностей и функций, оценивать бесконечно большие и бесконечно малые величины, использовать математический аппарат дифференциального исчисления при изучении разделов физики, теоретических основ электротехники, математических основ теории систем, следующих разделов математики, а также при решении практических инженерных задач. Доступ по логину и паролю |
| Lenguaje: | ruso |
| Publicado: |
Томск, TPU Moodle, 2018
|
| Materias: | |
| Acceso en línea: | https://design.lms.tpu.ru/course/view.php?id=4160 |
| Formato: | MixedMaterials Electrónico Libro |
| KOHA link: | https://koha.lib.tpu.ru/cgi-bin/koha/opac-detail.pl?biblionumber=666156 |
MARC
| LEADER | 00000nlm0a2200000 4500 | ||
|---|---|---|---|
| 001 | 666156 | ||
| 005 | 20240206150224.0 | ||
| 035 | |a (RuTPU)RU\TPU\network\37360 | ||
| 035 | |a RU\TPU\network\26312 | ||
| 090 | |a 666156 | ||
| 100 | |a 20211208d2018 m y0rusy50 ca | ||
| 101 | 0 | |a rus | |
| 102 | |a RU | ||
| 105 | |a a j 000zy | ||
| 135 | |a jrcn ---uucaa | ||
| 181 | 0 | |a i | |
| 182 | 0 | |a b | |
| 200 | 1 | |a Математический анализ 1.3 / ДО 2017 копия 1 |e электронный курс |f О. Н. Имас, Е. А. Молдованова |g Национальный исследовательский Томский политехнический университет, Школа базовой инженерной подготовки, Отделение математики и информатики | |
| 203 | |a Текст |c электронный | ||
| 210 | |a Томск |c TPU Moodle |d 2018 | ||
| 300 | |a Заглавие с экрана | ||
| 330 | |a В курсе "Математический анализ 1.3» изучаются следующие разделы анализа: теория пределов; дифференциальное исчисление функции одной переменной; дифференциальное исчисление функции нескольких переменных. Особое внимание уделяется понятию предела последовательности, пределу функции, непрерывности функции и ее точкам разрыва, производной функции и применению производной в практических исследовательских приложениях. Полученные знания помогут вычислять пределы последовательностей и функций, оценивать бесконечно большие и бесконечно малые величины, использовать математический аппарат дифференциального исчисления при изучении разделов физики, теоретических основ электротехники, математических основ теории систем, следующих разделов математики, а также при решении практических инженерных задач. | ||
| 333 | |a Доступ по логину и паролю | ||
| 606 | 1 | |a Математический анализ |2 stltpush |3 (RuTPU)RU\TPU\subj\41236 |9 61042 | |
| 610 | 1 | |a электронный ресурс | |
| 610 | 1 | |a труды учёных ТПУ | |
| 610 | 1 | |a электронные учебные пособия | |
| 610 | 1 | |a учебные пособия | |
| 610 | 1 | |a Moodle | |
| 610 | 1 | |a e-learning | |
| 675 | |a 517(075.8) |v 4 | ||
| 700 | 1 | |a Имас |b О. Н. |c математик |c доцент Томского политехнического университета, кандидат физико-математических наук |f 1967- |g Ольга Николаевна |3 (RuTPU)RU\TPU\pers\29543 |9 14079 | |
| 701 | 1 | |a Молдованова |b Е. А. |c математик |c старший преподаватель Томского политехнического университета |f 1968- |g Евгения Александровна |3 (RuTPU)RU\TPU\pers\29439 |9 13992 | |
| 712 | 0 | 2 | |a Национальный исследовательский Томский политехнический университет |b Школа базовой инженерной подготовки |b Отделение математики и информатики |3 (RuTPU)RU\TPU\col\23555 |
| 801 | 2 | |a RU |b 63413507 |c 20220627 |g RCR | |
| 856 | 4 | 0 | |u https://design.lms.tpu.ru/course/view.php?id=4160 |
| 942 | |c CF | ||